Beck's Theory and Principles of Pleading in Civil Actions 1985 Supplement / (Record no. 119)

MARC details
000 -LEADER
fixed length control field 00529nam a22001697a 4500
005 - DATE AND TIME OF INPUT
control field 20231027125329.0
008 - DATA ELEMENTS--GENERAL INFORMATION
fixed length control field 231027b |||||||| |||| 00| 0 eng d
020 ## - INTERNATIONAL STANDARD BOOK NUMBER
International Standard Book Number 0409012378
041 ## - LANGUAGE CODE
Language code of text English
082 ## - SHELF NUMBER
DDC number 347.7 BEC
100 ## - MAIN AUTHOR
Main author's name Isaacs, I
Language of a work English
245 ## - TITLE STATEMENT
Title Beck's Theory and Principles of Pleading in Civil Actions 1985 Supplement /
Statement of responsibility, etc. I Isaacs
260 ## - PUBLICATION, DISTRIBUTION, ETC.
Place of publication, distribution, etc. Durban :
Name of publisher, distributor, etc. Butterworths,
Date of publication, distribution, etc. 1985
300 ## - PHYSICAL DESCRIPTION
Other physical details x, 56 pages
Dimensions 24 cm.
650 ## - SUBJECT`
Broad subject Legal practice
Own subject terms Law
942 ## - ADDED ENTRY ELEMENTS (KOHA)
Item type Books
942 ## - ADDED ENTRY ELEMENTS (KOHA)
-- ALISON_BN_VRIES
Holdings
Source of classification or shelving scheme Not for loan Collection code Home library Current library Shelving location Date acquired Full call number Barcode Price effective from Koha item type
Dewey Decimal Classification   TEXT BOOKS LAW SOCIETY OF NAMIBIA LIBRARY - WINDHOEK LAW SOCIETY OF NAMIBIA LIBRARY - WINDHOEK Evidence law 10/27/2023 347.7 BEC LSN/1989/6 10/27/2023 Books